1973 1303 1226 1177 1701 1014 1194 1518 1630 1296 1935 1592 1277 1413 1509 1724 1594 1618 1894 1450 1718 1690 1718 1795 1738 1252 1896 1777 1965 1804 1659 1955 1554 1073 1367 1042 1987 1997 1941 1052 1882 1349 1149 1950 1316 1586 1281 1228 1112 1282 1825 1565 1057 1516 1353 1675 1874 1012 1150 1135 1716 1441 1262 1831 1971 1855 1438 1606 1983 1492 1691 1571 1191 1587 1546 1808 1444 1257 1918 1080 1201 1683 1355 1133 1412 1673 1793 1667 1828 1325 1976 1634 1382 1125 1981 1188 1140 1821 1161 BCNSPRNW ULIB Ver.6.0+V

เปลี่ยนเป็นภาษาไทย

Change to English
 แสดงรายละเอียดบรรณานุกรม
  กลับหน้าหลัก

Brief Record : Get Marc (ISO 2709) : E-mail record : QR code < ปิดหน้าต่าง
LEADER : 00000nam 2200000uu 4500
001    13399114964
003     ULIB
008    120626s2539||||th 000 0 tha d
020    ^a9748430073
020    ^a9789748430072
060 04 ^aQS4^bว724ก 2539
100 0  ^aวิไล ชินธเนศ
245 10 ^aกายวิภาคศาสตร์ของมนุษย์ =^bHuman anatomy /^cวิไล ชินธเนศ,ธันวา ตันสถิตย์ และ มนตกานต์ ตันสถิตย์
246 31 ^aHuman anatomy
250    ^aพิมพ์ครั้งที่ 3
260    ^aกรุงเทพฯ :^bเฟื่องฟ้า,^c2539
300    ^a304, [xxi] :^bภาพประกอบ ;^c29 ซม.
650  7 ^aกายวิภาคศาสตร์
700 0  ^aมนตกานต์ ตันสถิตย์
700 0  ^aธันวา ตันสถิตย์
710 2  ^aจุฬาลงกรณ์มหาวิทยาลัย. ^bคณะแพทยศาสตร์.^bภาควิชากายวิภาคศาสตร์
945    ^p0^l0^i13274
945    ^p0^l0^i13279
945    ^p0^l0^i13275
945    ^p0^l0^i13273
945    ^p0^l0^i13868
995    ^aกัณชพร
999    ^aใช้งานได้ทุกระบบ
รายการนี้ยังไม่มีแท็ก
คุณยังไม่ได้ล็อกอิน คุณสามารถมีกิจกรรมร่วมกับเว็บไซต์ได้ แต่ต้องล็อกอินก่อน ::
  ล็อกอิน

รายการสื่อสารสนเทศ

ลำดับที่ ประเภท เลขเรียก/บาร์โค้ด สถานที่ สถานะ
- ไม่พบข้อมูล -

รายการใกล้เคียง
    ผู้แต่ง [วิไล ชินธเนศ]

    หัวเรื่อง [กายวิภาคศาสตร์]

BibComment


ยังไม่เคยถูกคอมเมนท์

คอมเมนท์ทรัพยากรรายการนี้
  คอมเมนท์: กายวิภาคศาสตร์ขอ..


 Copyright 2026. Bcnsprnw @Library